00655nam a2200193Ia 4500003000400000005001700004008004100021020001800062040001800080041000800098082002200106100002200128245013600150250001200286260004500298300002900343650004700372650004200419OSt20220906111507.0210716s2017 xx 000 0 und d a9781786460141 cAIMIT LIBRARY aeng a005.448 21bKANV aKantsev, Veselin. aImplementing devops on AWS :bbring the best out of devops and build deploy and maintain applications on AWS /cBy Veselin Kantsev. a1st ed. aMumbai :bPackt Publishing Ltd ,c2017 . av, 241p. ;bPBc23.5 cm. aStart treating your infrastructure as code aMetrics log collection and monitoring